LIBRARY & INFORMATION CENTRE, KCAET, TAVANUR

ONLINE PUBLIC ACCESS CATALOGUE (OPAC)

Normal view MARC view
  • Aware, Vijay V

Entry Personal Name

Number of records used in: 1

001 - CONTROL NUMBER

  • control field: 5033

003 - CONTROL NUMBER IDENTIFIER

  • control field: OSt

005 - DATE AND TIME OF LATEST TRANSACTION

  • control field: 20210914162808.0

008 - FIXED-LENGTH DATA ELEMENTS

  • fixed length control field: 210914|| aca||aabn | a|a d

040 ## - CATALOGING SOURCE

  • Original cataloging agency: OSt
  • Transcribing agency: OSt

100 ## - HEADING--PERSONAL NAME

  • Personal name: Aware, Vijay V

670 ## - SOURCE DATA FOUND

  • Source citation: Work cat.: (OSt)13764: Powar, Ashok G 5032, Farm machinery and power glossary, 2021
free website counter